Elementos : Compuestos y mezclas.

Guardado en:
Formato: Deslizar
Series:Educable
Materias:
Etiquetas: Agregar Etiqueta
Sin Etiquetas, Sea el primero en etiquetar este registro!
LEADER 00766ngm a22002175g 4500
001 CEM.cems022153
008 130507b1995##################0###0#####d
005 20241007170825.0
245 0 0 |a Elementos :  |b Compuestos y mezclas. 
300 |a 19'. 
490 0 |a Educable 
500 |a En soporte VHS, consultar en ventanilla. 
505 0 |a Descripción de elementos químicos. Cómo se concentran y mezclan. Concepto de mezcla y partes. Propiedades. 
538 |a Soporte: VHS - Norma: Pal N - Color - Grabación DRD 1995 - Hitachi=2375 
082 5 4 |/ ELS 
653 |a QUIMICA 
653 |a ELEMENTOS 
653 |a COMPUESTOS QUIMICOS 
653 |a MEZCLAS QUIMICAS 
653 |a NIVEL SECUNDARIO 
859 |a CEMS  |b BIB. CEMS - Depto. Recursos Didacticos  |h 546  |i ELS  |k DRD  |p 796.12  |t Ej.1